Essentials of business communication / (Record no. 234262)
[ view plain ]
| 000 -LEADER | |
|---|---|
| fixed length control field | 00884nam a22002417a 4500 |
| 005 - DATE AND TIME OF LATEST TRANSACTION | |
| control field | 20250429101512.0 |
| 008 - FIXED-LENGTH DATA ELEMENTS--GENERAL INFORMATION | |
| fixed length control field | 250429b |||||||| |||| 00| 0 eng d |
| 020 ## - INTERNATIONAL STANDARD BOOK NUMBER | |
| International Standard Book Number | 9788180547294 |
| 040 ## - CATALOGING SOURCE | |
| Transcribing agency | AIMIT LIBRARY |
| 082 ## - DEWEY DECIMAL CLASSIFICATION NUMBER | |
| Edition number | 1 |
| Classification number | 651.7 |
| Item number | PALR |
| 100 ## - MAIN ENTRY--PERSONAL NAME | |
| Personal name | Pal, Rajendra. |
| 9 (RLIN) | 209026 |
| 245 ## - TITLE STATEMENT | |
| Title | Essentials of business communication / |
| Remainder of title | Pal, Rajendra and Korlahalli, J.S. |
| 250 ## - EDITION STATEMENT | |
| Edition statement | 1st ed. |
| 260 ## - PUBLICATION, DISTRIBUTION, ETC. | |
| Place of publication, distribution, etc. | New Delhi : |
| Name of publisher, distributor, etc. | Sultan Chand and Sons , |
| Date of publication, distribution, etc. | 2021. |
| 300 ## - PHYSICAL DESCRIPTION | |
| Extent | xxii,EC126,EE90,BC174,ER26,ID26,WC92,PW20,EL42,QP106 |
| Other physical details | PB |
| Dimensions | 25cm. |
| 650 ## - SUBJECT ADDED ENTRY--TOPICAL TERM | |
| Topical term or geographic name entry element | Business correspondence |
| 9 (RLIN) | 209027 |
| 650 ## - SUBJECT ADDED ENTRY--TOPICAL TERM | |
| Topical term or geographic name entry element | Other forms of written communication |
| 9 (RLIN) | 209028 |
| 650 ## - SUBJECT ADDED ENTRY--TOPICAL TERM | |
| Topical term or geographic name entry element | Oral and other forms of communication |
| 9 (RLIN) | 209029 |
| 650 ## - SUBJECT ADDED ENTRY--TOPICAL TERM | |
| Topical term or geographic name entry element | Credit and status enquiries |
| 9 (RLIN) | 209030 |
| 650 ## - SUBJECT ADDED ENTRY--TOPICAL TERM | |
| Topical term or geographic name entry element | Job application letters and resumes |
| 9 (RLIN) | 209031 |
| 700 ## - ADDED ENTRY--PERSONAL NAME | |
| Personal name | Korlahalli, J.S. |
| 9 (RLIN) | 209032 |
| 942 ## - ADDED ENTRY ELEMENTS (KOHA) | |
| Source of classification or shelving scheme | Dewey Decimal Classification |
| Koha item type | Book |
| Call number prefix | 651.7 PALR |
| Withdrawn status | Lost status | Source of classification or shelving scheme | Damaged status | Not for loan | Collection code | Home library | Current library | Shelving location | Date acquired | Source of acquisition | Cost, normal purchase price | Inventory number | Total Checkouts | Full call number | Barcode | Date last seen | Cost, replacement price | Price effective from | Koha item type |
|---|---|---|---|---|---|---|---|---|---|---|---|---|---|---|---|---|---|---|---|
| Dewey Decimal Classification | MBA | St Aloysius Institute of Management & Information Technology | St Aloysius Institute of Management & Information Technology | Business communications | 03/14/2025 | Biblios Book Point | 595.00 | Bill.no:7467; Bill.dt:2025/03/11 | 651.7 PALR | MBA15030 | 05/23/2026 | 505.75 | 04/29/2025 | Book | |||||
| Dewey Decimal Classification | MBA | St Aloysius Institute of Management & Information Technology | St Aloysius Institute of Management & Information Technology | Business communications | 03/14/2025 | Biblios Book Point | 595.00 | Bill.no:7467; Bill.dt:2025/03/11 | 651.7 PALR | MBA15031 | 05/23/2026 | 505.75 | 04/29/2025 | Book |